Smrť v snehu /
Zima, rok 1920. Lady Eleanor Swiftová na svojom panstve hostí celú dedinu, na ktorú čakajú darčeky, hry a medovníky. Eleanor povzbudzuje účastníkov tradičného vianočného behu na pozemkoch Henley Hall. Jeden z bežcov však v cieli skolabuje a zomrie. Detektív Seldon je presvedčený, že ide len o infark...
Uloženo v:
| Série: | Záhady lady Eleanor Swiftovej,
část 4 |
|---|---|
| Hlavní autor: | |
| Médium: | E-kniha |
| Jazyk: | Czech |
| Vydáno: |
Praha :
Albatros Media Slovakia s.r.o.,
2025
|
| Příbuzné jednotky: | Z cyklu::
Záhady lady Eleanor Swiftovej |
| Tagy: |
Žádné tagy |
| LEADER | 01584nam a22002417i 4500 | ||
|---|---|---|---|
| 001 | 302732 | ||
| 007 | ta | ||
| 008 | 260514s2025 xr ||||| |||| 00| 0 cze d | ||
| 020 | |a 9788056649299 | ||
| 044 | |a xr | ||
| 100 | 1 | |a Bright, Verity |4 aut | |
| 245 | 1 | 0 | |a Smrť v snehu / |c Bright, Verity |
| 240 | 1 | 0 | |a Murder in the Snow |
| 264 | 1 | |a Praha : |b Albatros Media Slovakia s.r.o., |c 2025 | |
| 300 | |a 1 online zdroj (296 stran) | ||
| 336 | |a text |b txt |2 rdacontent | ||
| 337 | |a bez média |b n |2 rdamedia | ||
| 338 | |a online zdroj |b cr |2 rdacarrier | ||
| 520 | 2 | |a Zima, rok 1920. Lady Eleanor Swiftová na svojom panstve hostí celú dedinu, na ktorú čakajú darčeky, hry a medovníky. Eleanor povzbudzuje účastníkov tradičného vianočného behu na pozemkoch Henley Hall. Jeden z bežcov však v cieli skolabuje a zomrie. Detektív Seldon je presvedčený, že ide len o infarkt, ale Eleanor má pochybnosti. Ked’ na mieste, kde muž spadol, nájde nápadný kl’úč, vie, že nebude mat’ pokoj, kým nezistí pravdu o tom, čo sa stalo na jej panstve. | |
| 787 | 0 | 8 | |g 4 |i Z cyklu: |t Záhady lady Eleanor Swiftovej |
| 910 | |a RBIT002 | ||
| 998 | |d 426989 |a https://core.palmknihy.cz/api/books/426989/cover?tesgif |b https://core.palmknihy.cz/api/books/426989/cover/400?tesgif |c https://core.palmknihy.cz/api/books/426989/cover/50?tesgif |e 2030-02-14 |g 296 |i 9788056649299 |j https://core.palmknihy.cz/api/books/426989/preview.epub |k https://core.palmknihy.cz/api/books/426989/preview.pdf |l |q 49 |r 1 |s https://www.palmknihy.cz/kniha/426989 |t ebook |y 2025 |z 1 |v Záhady lady Eleanor Swiftovej |w 4 | ||
| 999 | |d 302730 | ||